| 000 | 00437nam a22001457a 4500 | ||
|---|---|---|---|
| 020 | _qHB. | ||
| 040 | _cFIZZA ISHAQ | ||
| 082 |
_a624.151 _bRIC |
||
| 100 |
_aSPANGLER,G.MERLIN HANDY L.RICHARD. _990184 |
||
| 245 |
_aGEOTECHNICAL ENGINEERING SOIL AND FOUNDATION PRINCIPLES AND PRACTICE / _cRICHARD,L.HANDY MERLIN G.SPANGLER. |
||
| 250 | _a5th ED. | ||
| 260 |
_aNEW YORK ; _bMC GRAW HILL, _c2007. |
||
| 300 | _a904 P. ; | ||
| 942 |
_2ddc _cBK |
||
| 999 |
_c588547 _d588547 |
||